<?xml version="1.0" encoding="UTF-8"?>
<record
    xmlns:xsi="http://www.w3.org/2001/XMLSchema-instance"
    xsi:schemaLocation="http://www.loc.gov/MARC21/slim http://www.loc.gov/standards/marcxml/schema/MARC21slim.xsd"
    xmlns="http://www.loc.gov/MARC21/slim">

  <leader>00450nam a22001577a 4500</leader>
  <controlfield tag="005">20250114131323.0</controlfield>
  <controlfield tag="008">250114b        |||||||| |||| 00| 0 eng d</controlfield>
  <datafield tag="020" ind1=" " ind2=" ">
    <subfield code="a">9780495797425</subfield>
  </datafield>
  <datafield tag="050" ind1=" " ind2=" ">
    <subfield code="a">JF1351</subfield>
    <subfield code="b">.P816</subfield>
  </datafield>
  <datafield tag="100" ind1=" " ind2=" ">
    <subfield code="a">STILLMAN, RICHARD J.</subfield>
  </datafield>
  <datafield tag="245" ind1=" " ind2=" ">
    <subfield code="a">PUBLIC ADMINISTRATION</subfield>
    <subfield code="b">CONCEPTS AND CASES</subfield>
    <subfield code="c">RICHARD J. STILLMAN</subfield>
  </datafield>
  <datafield tag="250" ind1=" " ind2=" ">
    <subfield code="a">9th ed</subfield>
  </datafield>
  <datafield tag="260" ind1=" " ind2=" ">
    <subfield code="a">CANADA</subfield>
    <subfield code="b">WADSWORTH CENGAGE LEARNING</subfield>
    <subfield code="c">c 2010</subfield>
  </datafield>
  <datafield tag="300" ind1=" " ind2=" ">
    <subfield code="a">xxiv,; 507 p;</subfield>
  </datafield>
  <datafield tag="942" ind1=" " ind2=" ">
    <subfield code="2">lcc</subfield>
    <subfield code="c">BK</subfield>
    <subfield code="n">0</subfield>
  </datafield>
  <datafield tag="999" ind1=" " ind2=" ">
    <subfield code="c">2521</subfield>
    <subfield code="d">2521</subfield>
  </datafield>
  <datafield tag="952" ind1=" " ind2=" ">
    <subfield code="0">0</subfield>
    <subfield code="1">0</subfield>
    <subfield code="2">lcc</subfield>
    <subfield code="4">0</subfield>
    <subfield code="7">0</subfield>
    <subfield code="8">NFIC</subfield>
    <subfield code="a">CUL1</subfield>
    <subfield code="b">CUL1</subfield>
    <subfield code="c">GEN</subfield>
    <subfield code="d">2025-01-14</subfield>
    <subfield code="l">0</subfield>
    <subfield code="o">JF1351.P816</subfield>
    <subfield code="p">ulct00000792</subfield>
    <subfield code="r">2025-01-14 13:21:07</subfield>
    <subfield code="t">1</subfield>
    <subfield code="w">2025-01-14</subfield>
    <subfield code="y">BK</subfield>
  </datafield>
  <datafield tag="952" ind1=" " ind2=" ">
    <subfield code="0">0</subfield>
    <subfield code="1">0</subfield>
    <subfield code="2">lcc</subfield>
    <subfield code="4">0</subfield>
    <subfield code="7">0</subfield>
    <subfield code="8">NFIC</subfield>
    <subfield code="a">CUL1</subfield>
    <subfield code="b">CUL1</subfield>
    <subfield code="c">GEN</subfield>
    <subfield code="d">2025-01-14</subfield>
    <subfield code="l">0</subfield>
    <subfield code="o">JF1351.P816</subfield>
    <subfield code="p">ulct00000793</subfield>
    <subfield code="r">2025-01-14 13:21:07</subfield>
    <subfield code="t">2</subfield>
    <subfield code="w">2025-01-14</subfield>
    <subfield code="y">BK</subfield>
  </datafield>
  <datafield tag="952" ind1=" " ind2=" ">
    <subfield code="0">0</subfield>
    <subfield code="1">0</subfield>
    <subfield code="2">lcc</subfield>
    <subfield code="4">0</subfield>
    <subfield code="7">0</subfield>
    <subfield code="8">NFIC</subfield>
    <subfield code="a">CUL1</subfield>
    <subfield code="b">CUL1</subfield>
    <subfield code="c">GEN</subfield>
    <subfield code="d">2025-01-14</subfield>
    <subfield code="l">0</subfield>
    <subfield code="o">JF1351.P816</subfield>
    <subfield code="p">ulct00000794</subfield>
    <subfield code="r">2025-01-14 13:21:07</subfield>
    <subfield code="t">3</subfield>
    <subfield code="w">2025-01-14</subfield>
    <subfield code="y">BK</subfield>
  </datafield>
</record>
